Water from ponds, pans and dams : (Record no. 753)
[ view plain ]
| 000 -LEADER | |
|---|---|
| fixed length control field | 00437nam a2200121 4500 |
| 020 ## - ISBN | |
| International Standard Book Number | 9966896678 |
| 050 00 - LIBRARY OF CONGRESS CALL NUMBER | |
| Classification Number | TD295 |
| Item Number | .W38 2005 |
| 245 10 - TITLE | |
| Title | Water from ponds, pans and dams : |
| Remainder of title | a manual on design, construction and maintenance / |
| Statement of responsibility, etc | Regional Land Management UNit (RELMA in ICRAF. |
| 260 ## - PUBLICATION, DISTRIBUTION, ETC.(IMPRINT) | |
| Place of publication, distribution, etc | Nairobi, Kenya : |
| Name of publisher, distributor, etc | Regional Land Management UNit (RELMA in ICRAF, |
| Date of publication, distribution, etc | c2005. |
| 300 ## - PHYSICAL DESCRIPTION | |
| Extent | viii, 119 p. ; |
| 650 #0 - SUBJECT--TOPIC | |
| Topical term following geographic name as entry element | Water conservation. |
| 942 ## - ADDED ENTRY ELEMENTS(KOHA) | |
| Koha item type | General circulation |
| Source of classification or shelving scheme | Not for loan | Location (home branch) | Sublocation (holding branch) | Date accessioned | Cost, normal purchase price | Full call number | Barcode | Cost, replacement price | Nonpublic note | Koha item type | Public note |
|---|---|---|---|---|---|---|---|---|---|---|---|
| Library of Congress Classification | Mtito Andei Centre Library | Mtito Andei Centre Library | 12/08/2014 | 650.00 | TD295 .W38 2005 | 007655 | 1150.00 | Rono | General circulation | Rono |